000 01337cam a2200349 a 4500
001 000011664
005 20200929162524.0
008 950925s1993 sp abc 000 0 spa d
010 _a95207573
020 _a8478201564
035 _a(DLC) 95207573
035 _a(SpBaP)pu 930020190
040 _aDO-SdBNP
_cDLC
_dBNPHU
043 _ae-sp---
082 _a246.2
_bC141
100 1 _aCalahorra Martínez, Pedro.
_927646
245 1 0 _aIconografía musical del románico aragones /
_cPedro Calahorra, Jesús Lacasta, Álvaro Zaldívar.
260 _a[Zaragoza] :
_bInstitución Fernándo el Católico, Sección de Música Antigua, Diputación de Zaragoza,
_c1993.
300 _a161 p. :
_bil. ;
_c25 cm.
500 _aPublicación no. 1335 de la Institución Fernándo el Católico.
650 4 _aIconografía
_927647
650 4 _aArte románico
_xObras ilustradas
_927648
650 4 _aImagenes e idolos
_927649
650 4 _aMúsica en el arte
_927650
650 4 _aDecoración y ornamentación arquitectónicas
_zEspaña
_zAragón
_xTemas, motivos
_927651
650 4 _aArquitectura religiosa
_xEspaña
_zAragón
_927652
650 4 _aArquitectura románica
_zEspaña
_zAragón
_927653
700 1 _aLacasta, Jesús.
_927654
700 1 _aZaldívar, Álvaro.
_927655
910 _aCatalogación por copia / LC
049 _aBNGR
999 _c11352
_d11352